000 00208nam a2200097Ia 4500
008 190216s9999||||xx |||||||||||||| ||und||
100 _aNarendranath P
245 0 _aKunhikkoonan
260 _bNull
942 _cBK
999 _c23905
_d23905